A primer on yoga : (Record no. 147951)

MARC details
000 -LEADER
fixed length control field 00579nam a22001817a 4500
005 - DATE AND TIME OF LATEST TRANSACTION
control field 20180426160730.0
010 ## - LCCN (DPL NO)
LC control number ENG-122685
020 ## - INTERNATIONAL STANDARD BOOK NUMBER
International Standard Book Number 9788123776415
Terms of availability 130.00
035 ## - SYSTEM CONTROL NUMBER
System control number EN-106217
037 ## - SOURCE OF ACQUISITION
Source of stock number/acquisition DBAD/PUB
082 ## - DEWEY DECIMAL CLASSIFICATION NUMBER
Classification number 613.7046
100 ## - MAIN ENTRY--PERSONAL NAME
Personal name Bijlani, Ramesh
245 ## - TITLE STATEMENT
Title A primer on yoga :
Statement of responsibility, etc by Ramesh Bijlani
Remainder of title Theory and practice /
260 ## - PUBLICATION, DISTRIBUTION, ETC. (IMPRINT)
Place of publication, distribution, etc New Delhi
Name of publisher, distributor, etc National Book Trust
Date of publication, distribution, etc 2015
270 ## - ADDRESS
Address Nehru Bhawan, 5 Institutional Area, Phase-II, Vasant Kunj,
City New Delhi
Postal code 110070
300 ## - PHYSICAL DESCRIPTION
Extent 132p.
Dimensions 22cm(pbk)
942 ## - ADDED ENTRY ELEMENTS (KOHA)
Source of classification or shelving scheme Dewey Decimal Classification
Item type English Books
Classification part 613.7046
Call number suffix BIJ
Holdings
Withdrawn status Lost status Not for loan Collection code Home library Current library Date acquired Source of acquisition Cost, normal purchase price Full call number Barcode Copy number Cost, replacement price Koha item type
      Non-fiction Shahdara Branch Shahdara Branch 26/04/2018 DBAD/PUB 130.00 613.7046 BIJ EN-106217 1 130.00 English Books

© Delhi Public Library
Hit Counter
free hit counter